THE ESSENTIALS OF FORENSIC MEDICINE AND TOXICOLOGY (Record no. 11191)

MARC details
000 -LEADER
fixed length control field 00366nam a22001577a 4500
003 - CONTROL NUMBER IDENTIFIER
control field SGT
020 ## - INTERNATIONAL STANDARD BOOK NUMBER
International Standard Book Number 978-93-5152-5578
082 ## - DEWEY DECIMAL CLASSIFICATION NUMBER
Classification number 614
Item number E14R
100 ## - MAIN ENTRY--PERSONAL NAME
Personal name REDDY, K.S.NARAYAN
245 ## - TITLE STATEMENT
Title THE ESSENTIALS OF FORENSIC MEDICINE AND TOXICOLOGY
250 ## - EDITION STATEMENT
Edition statement 3RD
260 ## - PUBLICATION, DISTRIBUTION, ETC. (IMPRINT)
Place of publication, distribution, etc NEW DELHI
Name of publisher, distributor, etc JAYPEE PUB
Year of Publication 2014
300 ## - PAGE DESCRIPTION
No. of Pages 689
650 ## - SUBJECT ADDED ENTRY--TOPICAL TERM
Topical term or geographic name as entry element PHARMACY
942 ## - ADDED ENTRY ELEMENTS (KOHA)
Source of classification or shelving scheme Dewey Decimal Classification
Koha item type Books
Holdings
Withdrawn status Lost status Source of classification or shelving scheme Damaged status Not for loan Collection code Home library Current library Shelving location Date acquired Vendor Name SGTU Total Checkouts Full call number Accession No. (Barcode) Date last seen Bill Date Koha item type
    Dewey Decimal Classification     PHARMACY SGT FA-FP Library SGT FA-FP Library Reference Book 15/03/2017 AHUJA PUB SGTU   614 E14R FP2257 15/03/2017 15/03/2017 Books